<?xml version="1.0" encoding="UTF-8"?>
<record
    xmlns:xsi="http://www.w3.org/2001/XMLSchema-instance"
    xsi:schemaLocation="http://www.loc.gov/MARC21/slim http://www.loc.gov/standards/marcxml/schema/MARC21slim.xsd"
    xmlns="http://www.loc.gov/MARC21/slim">

  <leader>00411nam a2200193Ia 4500</leader>
  <datafield tag="999" ind1=" " ind2=" ">
    <subfield code="c">35530</subfield>
    <subfield code="d">35530</subfield>
  </datafield>
  <controlfield tag="001">1391</controlfield>
  <controlfield tag="003">GE_BSU</controlfield>
  <controlfield tag="005">20200207153744.0</controlfield>
  <controlfield tag="008">181216s2000||||enk|||||||||||||| ||eng||</controlfield>
  <datafield tag="020" ind1=" " ind2=" ">
    <subfield code="a">0131816292</subfield>
  </datafield>
  <datafield tag="040" ind1=" " ind2=" ">
    <subfield code="c">GE_BSU</subfield>
  </datafield>
  <datafield tag="080" ind1=" " ind2=" ">
    <subfield code="a">515.1 M-95</subfield>
  </datafield>
  <datafield tag="100" ind1=" " ind2=" ">
    <subfield code="a">Munkeres, R.Yames.</subfield>
    <subfield code="9">6910</subfield>
  </datafield>
  <datafield tag="245" ind1=" " ind2=" ">
    <subfield code="a">Topology.</subfield>
  </datafield>
  <datafield tag="264" ind1=" " ind2=" ">
    <subfield code="c">2000.</subfield>
  </datafield>
  <datafield tag="300" ind1=" " ind2=" ">
    <subfield code="a">537 p.</subfield>
  </datafield>
  <datafield tag="653" ind1=" " ind2=" ">
    <subfield code="a">Topology</subfield>
  </datafield>
  <datafield tag="942" ind1=" " ind2=" ">
    <subfield code="c">BK</subfield>
    <subfield code="2">udc</subfield>
  </datafield>
  <datafield tag="952" ind1=" " ind2=" ">
    <subfield code="0">0</subfield>
    <subfield code="1">0</subfield>
    <subfield code="2">udc</subfield>
    <subfield code="4">0</subfield>
    <subfield code="6">5151_M95</subfield>
    <subfield code="7">0</subfield>
    <subfield code="9">33958</subfield>
    <subfield code="a">CPL</subfield>
    <subfield code="b">CPL</subfield>
    <subfield code="c">GEN</subfield>
    <subfield code="d">2018-12-17</subfield>
    <subfield code="g">400.00</subfield>
    <subfield code="o">515.1 M-95</subfield>
    <subfield code="p">2573</subfield>
    <subfield code="r">2018-12-17</subfield>
    <subfield code="t">2573</subfield>
    <subfield code="w">2018-12-17</subfield>
    <subfield code="y">BK</subfield>
    <subfield code="z">400 &#x10DA;.</subfield>
  </datafield>
  <datafield tag="952" ind1=" " ind2=" ">
    <subfield code="0">0</subfield>
    <subfield code="1">0</subfield>
    <subfield code="2">udc</subfield>
    <subfield code="4">0</subfield>
    <subfield code="6">5151_M95</subfield>
    <subfield code="7">0</subfield>
    <subfield code="9">88805</subfield>
    <subfield code="a">CPL</subfield>
    <subfield code="b">CPL</subfield>
    <subfield code="c">GEN</subfield>
    <subfield code="d">2020-02-07</subfield>
    <subfield code="g">400.00</subfield>
    <subfield code="o">515.1 M-95</subfield>
    <subfield code="p">641</subfield>
    <subfield code="r">2020-02-07</subfield>
    <subfield code="t">641</subfield>
    <subfield code="w">2020-02-07</subfield>
    <subfield code="y">BK</subfield>
    <subfield code="z">400 &#x10DA;.</subfield>
  </datafield>
</record>
